| 000 | 00692nam a22001817a 4500 | ||
|---|---|---|---|
| 999 |
_c15035 _d15035 |
||
| 003 | OSt | ||
| 082 | _2631.3 ANA/ID | ||
| 088 | _aP 332 | ||
| 100 |
_aANAGHA BALAN _aARATHY KRISHNAN _aJOSNA K _aLIBINA STEPHEN _94001 |
||
| 245 | _aIdentification of a mechanism for mechanical deseeding of tamarind | ||
| 260 |
_aTavanur 2016 _bDEPARTMENT OF FARM POWER MACHINERY AND ENERGY |
||
| 300 | _a55 | ||
| 500 | _aIdentification of a mechanism for mechanical deseeding of tamarind | ||
| 520 | _aIdentification of a mechanism for mechanical deseeding of tamarind | ||
| 700 |
_aEr. Shivaji K. P (Guide) _93477 |
||
| 856 | _uhttps://drive.google.com/open?id=1OPMCMmwMH6SOgJFrTnrPixlscDdAKuAf | ||
| 942 | _cPR | ||